000
00301nam a22001337a 4500
008
170220b xxu||||| |||| 00| 0 eng d
020
_a
9781416025528
041
_a
eng
080
_2
6TH
_a
615
100
_a
5
101
_a
SHF
245
_a
PHARMACOLOGY FOR NURSING CARE
_c
LEHNE, R.A
942
_2
udc
_c
BK
999
_c
5873
_d
5873